| 000 | 01008nam a2200361 a 4500 | ||
|---|---|---|---|
| 003 | AR-BaBNM | ||
| 005 | 20251128205343.0 | ||
| 008 | 082120s2002 ||||||||||||||000 | spa|| | ||
| 040 | _cAR-BaBNM | ||
| 100 | 1 | _aRubio Recio, José Manuel | |
| 245 | 0 | 0 | _aPacífico Iberoamericano, islas Galápagos y Pascua |
| 250 | _a1ª ed. | ||
| 260 |
_aMadrid _bAnaya _c1988 |
||
| 300 |
_a127 p. _bil., láms., mapas |
||
| 490 | 0 |
_aBiblioteca iberoamericana _vv. 55 |
|
| 504 | _aBibliografía para consultar p. 126. | ||
| 600 | 1 | 4 | _aDarwin, Charles |
| 650 | 4 | _aPERIODO HISPANICO | |
| 650 | 4 | _aPERIODO INDEPENDIENTE | |
| 650 | 4 | _aECONOMIA | |
| 650 | 4 | _aHISTORIA SOCIAL | |
| 650 | 4 | _aGEOGRAFIA FISICA | |
| 650 | 4 | _aFITOGEOGRAFIA | |
| 650 | 4 | _aZOOGEOGRAFIA | |
| 650 | 4 | _aHISTORIA DE LAS COSTUMBRES | |
| 650 | 4 | _aABORIGENES | |
| 651 | 4 | _aAmérica Latina | |
| 651 | 4 | _aIslas Galápagos | |
| 651 | 4 | _aOcéano Pacífico Sur | |
| 800 | 1 |
_aRoche, Antonio _edirector |
|
| 942 | _cBK | ||
| 998 | _cmariana | ||
| 999 |
_c11058 _d11058 |
||